00430nam a22001457a 450000500170000000800410001702000340005804100130009208200130010510000130011824500520013126000450018330000310022865000250025920231205061005.0231205b |||||||| |||| 00| 0 eng d a9780639005294 ; 9780639005294 aEnglish  a349 JOU  lEnglish  aThe Law of South Africa / cedited by JA Faris  aDurban : bLexisNexis (Pty) Ltd, c2019  bvii, 848 pages ; c26 cm.  aLegal practice bLaw